Analýza a návrh počítačovej siete v štátnej organizácii diplomová práca

Salvato in:
Dettagli Bibliografici
Autore principale: Bača, Martin
Ente Autore: Fakulta hospodárskej informatiky EU. Katedra aplikovanej informatiky
Altri autori: Pittner, Ján
Natura: Libro
Lingua:slovacco
Pubblicazione: Bratislava 2012
Tags: Aggiungi Tag
Nessun Tag, puoi essere il primo ad aggiungerne!!

MARC

LEADER 00000nbm a2200000 4500
001 0155033
005 20161109102201.5
041 0 |a slo 
044 |a SK 
245 1 0 |a Analýza a návrh počítačovej siete v štátnej organizácii  |b diplomová práca  |c Martin Bača ; školiteľ: Ján Pittner 
264 1 |a Bratislava  |c 2012 
300 |a 52 s. 
100 1 |a Bača, Martin 
700 1 |a Pittner, Ján 
710 2 |a Fakulta hospodárskej informatiky EU. Katedra aplikovanej informatiky